000 01175cam a2200229 4500
001 ABS64609
008 010921n2001 000 0 eng u
035 _a(Sirsi) u114685
100 _aDodson, R.
245 _aPrice war hits client and valuers
260 _c2001
490 _aEstates Gazette
_v(0137) 15 September 2001, 147(1)
520 _aDiscusses the impact on the valuation industry of the low fees currently being paid for investment portfolio work. Competition has driven prices down to such a low level that some firms are withdrawing from this type of work. Suggests that clients are the ultimate losers as the quality of service offered has declined considerably. Argues that valuers have failed to differentiate between each other, or to adequately define the nature of the service they offer. Recommends the establishment of industry-wide minimum fees and service levels to rescue the reputation of the profession.
590 _aABS
650 _aVALUERS
650 _aCOMPETITION
650 _aSERVICE LEVELS
650 _aFEE SCALES
650 _aINVESTMENT PORTFOLIOS
690 _aPROPERTY-PROPERTY APPRAISAL AND VALUATION
942 _n0
999 _c68329
_d68329